00301pab a2200133 454500008004000000100002000040245003800060260000900098300000800107362001000115650001900125650001100144773001200155180718b2001 xxu||||| |||| 00| 0 eng d aSingh, Joginder aPolice material is uniformly good c2001 ap.7 a8 Aug aPolice - India aPolice aPioneer